00841nam a2200217 i 450000100060000000300090000600500170001500700030003200800410003510000330007624501050010926000630021430000330027749000290031050200330033960000460037283000340041885200320045299900170048495201220050182412ES-MaACL20240311174155.0t|041110s1971 sp ||||1| spa d1 aIgual Ubeda, Antonio.96515610aJosé Esteve Bonet b: imaginero valenciano del siglo XVIII: vida y obras / cAntonio Igual Ubeda. aValencia : bInstitución Alfonso el Magnánimo, c1971. a251 p., 79 lám. ; c24 cm.1 aCuadernos de Arte ; v23 aTesis-Universidad de Madrid.14aEsteve Bonet, José (d1714-1802)9481430 aCuadernos de artev239183754 aES-MaACLjC-44128 bR.77301 c82412d82412 00104070aATENEOMbATENEOMcDEPO2d2008-01-17eSCl0oC-44128p1086128r2023-02-23 00:00:00w2023-02-23yMONOGRAFIA